[Event "Unterfranken-ch HB 56th"]
[Site "Stetten"]
[Date "2005.03.29"]
[Round "4"]
[White "Meyer, Marco"]
[Black "Koehler, Reiner"]
[Result "0-1"]
[WhiteElo "1277"]
[BlackElo "1738"]
[PlyCount "150"]
[EventDate "2005.03.28"]
[EventType "swiss"]
[EventRounds "9"]
[EventCountry "GER"]
[SourceTitle "EXT 2015"]
[Source "ChessBase"]
[SourceDate "2014.11.20"]
[SourceVersion "1"]
[SourceVersionDate "2014.11.20"]
[SourceQuality "1"]

1. e4 c5 2. d4 cxd4 3. c3 d3 4. Bf4 d6 5. Bxd3 Nc6 6. Nd2 e5 7. Be3 Nge7 8. Ngf3 Ng6 9. Qb3 Be7 10. Bc4 0-0 11. 0-0-0 Na5 12. Qa4 Bd7 13. Bb5 Nc6 14. Qb3 a6 15. Bc4 b5 16. Bd5 Na5 17. Qa3 Rb8 18. b4 Nc6 19. Qxa6 Qc7 20. Kb2 Rfc8 21. Qa3 Nf4 22. Bxf4 exf4 23. g3 fxg3 24. hxg3 Bf6 25. Rc1 Be6 26. Bxe6 fxe6 27. Qb3 Qf7 28. g4 Rc7 29. g5 Be5 30. Nxe5 Nxe5 31. Rcf1 Rbc8 32. f4 Nc4+ 33. Nxc4 Rxc4 34. f5 Rxe4 35. fxe6 Re2+ 36. Kb1 Qxe6 37. Qxe6+ Rxe6 38. Rf5 Rxc3 39. Rxb5 Kf7 40. Rxh7 Kg6 41. Rh1 Re2 42. a4 Rb3+ 43. Kc1 Ra3 44. Kb1 Rxa4 45. Rb6 Rd2 46. Kc1 Rd4 47. Kc2 Raxb4 48. Rxb4 Rxb4 49. Rg1 Rb5 50. Rd1 Rc5+ 51. Kb3 Rc6 52. Rd5 Kf7 53. Rf5+ Ke6 54. Rf2 Rc5 55. Re2+ Re5 56. Rg2 Kf5 57. Rd2 d5 58. Rg2 Kg6 59. Kc3 Rxg5 60. Re2 Kf6 61. Kd4 Rf5 62. Re8 g5 63. Rf8+ Kg6 64. Rg8+ Kh5 65. Rh8+ Kg4 66. Ke3 Rf4 67. Re8 d4+ 68. Ke2 Kg3 69. Re5 g4 70. Ke1 Kf3 71. Rg5 g3 72. Rg8 g2 73. Rg7 Rg4 74. Rxg4 Kxg4 75. Kf2 Kh3 0-1

[Event "Unterfranken-ch HA 53th"]
[Site "Wuerzburg"]
[Date "2002.??.??"]
[Round "?"]
[White "Lutz, Gerhard"]
[Black "Koehler, Reiner"]
[Result "0-1"]
[WhiteElo "1559"]
[BlackElo "1760"]
[PlyCount "90"]
[EventDate "2002.04.01"]
[EventType "swiss"]
[EventRounds "9"]
[EventCountry "GER"]
[SourceTitle "EXT 2015"]
[Source "ChessBase"]
[SourceDate "2014.11.20"]
[SourceVersion "1"]
[SourceVersionDate "2014.11.20"]
[SourceQuality "1"]

1. e4 c5 2. Nf3 a6 3. a4 d5 4. exd5 Qxd5 5. Nc3 Qd8 6. Bc4 e6 7. 0-0 Nc6 8. Re1 Nf6 9. d3 g6 10. Bg5 h6 11. Bh4 Bg7 12. Bg3 0-0 13. h3 b6 14. Ne5 Bb7 15. Nxc6 Bxc6 16. Qe2 Nd5 17. Be5 Nxc3 18. Bxc3 Qg5 19. f3 Rfd8 20. Bxg7 Kxg7 21. Qe5+ Qxe5 22. Rxe5 Kf6 23. Ree1 b5 24. axb5 axb5 25. Bb3 Rxa1 26. Rxa1 Ra8 27. Rxa8 Bxa8 28. Kf2 Ke5 29. c3 g5 30. Ke3 f5 31. d4+ cxd4+ 32. cxd4+ Kd6 33. g3 h5 34. Bd1 b4 35. Be2 Bd5 36. Bb5 Bb7 37. Be8 h4 38. f4 g4 39. hxg4 h3 40. g5 Ke7 41. Bh5 h2 42. g6 Kf8 43. g4 h1Q 44. gxf5 Qxh5 45. fxe6 Qxg6 0-1

[Event "Unterfranken-ch HA 53th"]
[Site "Wuerzburg"]
[Date "2002.??.??"]
[Round "?"]
[White "Suess, Mirco"]
[Black "Koehler, Reiner"]
[Result "1/2-1/2"]
[WhiteElo "1781"]
[BlackElo "1760"]
[PlyCount "43"]
[EventDate "2002.04.01"]
[EventType "swiss"]
[EventRounds "9"]
[EventCountry "GER"]
[SourceTitle "EXT 2015"]
[Source "ChessBase"]
[SourceDate "2014.11.20"]
[SourceVersion "1"]
[SourceVersionDate "2014.11.20"]
[SourceQuality "1"]

1. e4 c5 2. Nf3 a6 3. d4 cxd4 4. c3 dxc3 5. Nxc3 d6 6. Bc4 e6 7. 0-0 Be7 8. Qe2 Qc7 9. Be3 b5 10. Bb3 Bb7 11. Rac1 Qd8 12. Rfd1 Nh6 13. Bxh6 gxh6 14. Nd4 Rg8 15. Nxe6 fxe6 16. Qh5+ Rg6 17. Bxe6 Nd7 18. Bf5 Nf8 19. Nd5 Bxd5 20. Bxg6+ hxg6 21. Qxd5 Rc8 22. Qb7 1/2-1/2

[Event "Unterfranken-ch HB 45th"]
[Site "Oberweissenbrunn"]
[Date "1994.??.??"]
[Round "2"]
[White "Koehler, Reiner"]
[Black "Hassler, Guenther"]
[Result "1-0"]
[WhiteElo "1755"]
[BlackElo "1825"]
[PlyCount "93"]
[EventDate "1994.04.04"]
[EventType "swiss"]
[EventRounds "9"]
[EventCountry "GER"]
[SourceTitle "EXT 2015"]
[Source "ChessBase"]
[SourceDate "2014.11.20"]
[SourceVersion "1"]
[SourceVersionDate "2014.11.20"]
[SourceQuality "1"]

1. d4 d5 2. c4 dxc4 3. e3 a6 4. Bxc4 b5 5. Qf3 bxc4 6. Qxa8 Nd7 7. Qc6 e5 8. Ne2 Ne7 9. Qxc4 Nb6 10. Qc2 exd4 11. Nxd4 Qd5 12. Nf3 Nc6 13. a3 Bf5 14. Qd1 Bd3 15. Nc3 Qd7 16. Ne2 Bd6 17. 0-0 0-0 18. Re1 Rd8 19. Bd2 Be4 20. Ned4 Ne5 21. Nxe5 Bxe5 22. Bc3 Qe7 23. Qg4 Rd5 24. Nc6 Qd6 25. Nxe5 Rxe5 26. Bxe5 Qxe5 27. Qf4 Qxf4 28. exf4 f5 29. Rad1 c6 30. f3 Bd5 31. Kf2 Nc4 32. Re2 Kf7 33. Rc2 Ke6 34. Rdc1 Na5 35. Re1+ Kd7 36. Rce2 Nc4 37. Re7+ Kd6 38. b4 Nxa3 39. Rxg7 Nc2 40. Rb1 Bc4 41. Rxh7 c5 42. bxc5+ Kxc5 43. Rc7+ Kd4 44. h4 Na3 45. Rd1+ Kc3 46. h5 a5 47. h6 1-0

[Event "Unterfranken-ch M2 44th"]
[Site "Rieneck"]
[Date "1993.??.??"]
[Round "7"]
[White "Koehler, Reiner"]
[Black "Gossmann, Ewald J"]
[Result "1/2-1/2"]
[WhiteElo "1764"]
[BlackElo "1862"]
[PlyCount "141"]
[EventDate "1993.04.12"]
[EventType "swiss"]
[EventRounds "9"]
[EventCountry "GER"]
[SourceTitle "EXT 2015"]
[Source "ChessBase"]
[SourceDate "2014.11.20"]
[SourceVersion "1"]
[SourceVersionDate "2014.11.20"]
[SourceQuality "1"]

1. d4 g6 2. c4 Bg7 3. Nc3 d6 4. e4 Nd7 5. f4 c5 6. d5 Ngf6 7. Nf3 0-0 8. Be2 a6 9. 0-0 Qc7 10. h3 Nh5 11. Qe1 e5 12. Ng5 Nxf4 13. Bxf4 exf4 14. h4 h6 15. Nh3 Bd4+ 16. Kh1 Be5 17. Nxf4 Nf6 18. Bd3 Bg4 19. Rc1 Qe7 20. Rc2 Kg7 21. Nd1 g5 22. hxg5 hxg5 23. Nh3 Nh5 24. Rff2 Rh8 25. Ne3 Ng3+ 26. Kg1 Bxh3 27. gxh3 Rxh3 28. Rh2 Rah8 29. Rxh3 Rxh3 30. Kg2 Rh5 31. Qxg3 Bxg3 32. Nf5+ Kf6 33. Nxe7 Bf4 34. Nf5 Rh2+ 35. Kf3 Rh3+ 36. Ke2 g4 37. Rc3 Rh2+ 38. Kf1 Rxb2 39. Rc2 Rb1+ 40. Kg2 Re1 41. Re2 Rc1 42. Rf2 Kg5 43. Rb2 Rd1 44. Be2 Re1 45. Kf2 Ra1 46. Rxb7 Rxa2 47. Rxf7 g3+ 48. Kf3 Be5 49. Rf8 Ra3+ 50. Kg2 Ra2 51. Rg8+ Kf6 52. Kf3 Ra3+ 53. Kg4 g2 54. Kh4 Rg3 55. Nxg3 Kf7 56. Bh5+ Kxg8 57. Ne2 Bd4 58. Kg4 g1Q+ 59. Nxg1 Bxg1 60. Kf4 Bd4 61. Kf5 Kf8 62. Ke6 Be5 63. Kd7 a5 64. Bd1 Kf7 65. Kc6 Kf6 66. Kb5 Bc3 67. Kc6 Ke5 68. Bb3 Bd2 69. Ba4 Bf4 70. Kb5 Kd4 71. Bd1 1/2-1/2

[Event "Unterfranken-ch M2 44th"]
[Site "Rieneck"]
[Date "1993.??.??"]
[Round "6"]
[White "Koehler, Reiner"]
[Black "Rueppel, Guenter"]
[Result "1/2-1/2"]
[WhiteElo "1764"]
[BlackElo "1754"]
[PlyCount "78"]
[EventDate "1993.04.12"]
[EventType "swiss"]
[EventRounds "9"]
[EventCountry "GER"]
[SourceTitle "EXT 2015"]
[Source "ChessBase"]
[SourceDate "2014.11.20"]
[SourceVersion "1"]
[SourceVersionDate "2014.11.20"]
[SourceQuality "1"]

1. d4 Nf6 2. c4 e6 3. a3 d5 4. Bg5 Be7 5. Bxf6 Bxf6 6. cxd5 exd5 7. Nc3 c6 8. Nf3 0-0 9. e3 Re8 10. Bd3 g6 11. 0-0 Bg4 12. Be2 Nd7 13. h3 Bxf3 14. Bxf3 Bg7 15. b4 Nf8 16. Qb3 Qd6 17. b5 Ne6 18. Rac1 Kh8 19. bxc6 bxc6 20. Na4 Rab8 21. Qc3 Rec8 22. Nc5 Bf8 23. Rc2 Rb6 24. Rfc1 Ng5 25. a4 Nxf3+ 26. gxf3 Bg7 27. Qd3 Rcb8 28. a5 Rb1 29. a6 Rxc1+ 30. Rxc1 Rb5 31. Qc3 Rb6 32. Qa1 Bf8 33. Rb1 Rb5 34. Rxb5 cxb5 35. Qa5 Qc6 36. Qd8 Kg7 37. Qb8 Bxc5 38. dxc5 Qxc5 39. Kg2 h6 1/2-1/2

[Event "Unterfranken-ch HB 43th"]
[Site "Sailauf"]
[Date "1992.??.??"]
[Round "3"]
[White "Hauck, Juergen"]
[Black "Koehler, Reiner"]
[Result "1-0"]
[WhiteElo "1862"]
[BlackElo "1747"]
[PlyCount "69"]
[EventDate "1992.04.20"]
[EventType "swiss"]
[EventRounds "9"]
[EventCountry "GER"]
[SourceTitle "EXT 2015"]
[Source "ChessBase"]
[SourceDate "2014.11.20"]
[SourceVersion "1"]
[SourceVersionDate "2014.11.20"]
[SourceQuality "1"]

1. e4 c5 2. Nf3 Nc6 3. d4 cxd4 4. Nxd4 Nf6 5. Nc3 e5 6. Ndb5 d6 7. Nd5 Nxd5 8. exd5 Qa5+ 9. Bd2 Qb6 10. dxc6 bxc6 11. Be3 Qa5+ 12. Nc3 d5 13. Qd2 d4 14. Bxd4 exd4 15. Qxd4 Be6 16. Be2 Rd8 17. Qa4 Qxa4 18. Nxa4 Be7 19. 0-0 0-0 20. Rfd1 Rb8 21. b3 c5 22. c4 f5 23. Bf3 Bf6 24. Nxc5 Bc8 25. Rac1 g5 26. Nd7 Bxd7 27. Rxd7 g4 28. Bd5+ Kh8 29. Rxa7 f4 30. Rf7 f3 31. Rxf8+ Rxf8 32. gxf3 gxf3 33. Bxf3 Bd4 34. Rd1 Bc5 35. Rd5 1-0

[Event "Unterfranken-ch HB 43th"]
[Site "Sailauf"]
[Date "1992.??.??"]
[Round "6"]
[White "Heidenbluth, Karl"]
[Black "Koehler, Reiner"]
[Result "0-1"]
[WhiteElo "1460"]
[BlackElo "1747"]
[PlyCount "68"]
[EventDate "1992.04.20"]
[EventType "swiss"]
[EventRounds "9"]
[EventCountry "GER"]
[SourceTitle "EXT 2015"]
[Source "ChessBase"]
[SourceDate "2014.11.20"]
[SourceVersion "1"]
[SourceVersionDate "2014.11.20"]
[SourceQuality "1"]

1. e4 c5 2. Nf3 Nc6 3. d4 cxd4 4. Nxd4 Nf6 5. Nc3 e5 6. Ndb5 d6 7. Bg5 a6 8. Bxf6 gxf6 9. Na3 b5 10. Naxb5 axb5 11. Bxb5 Bd7 12. Qh5 Nd4 13. Bc4 Be6 14. Bxe6 Nxe6 15. 0-0-0 Be7 16. g3 Rb8 17. Kb1 0-0 18. Qg4+ Kh8 19. b3 Nd4 20. Rd3 Qc8 21. Qd1 Ra8 22. f4 Qa6 23. Qc1 Rfc8 24. Qb2 d5 25. a4 dxe4 26. Re3 Qb7 27. Rc1 Bb4 28. Nxe4 Qc6 29. c3 Nxb3 30. Qxb3 Rab8 31. cxb4 Qxc1+ 32. Ka2 Rc2+ 33. Qxc2 Qxc2+ 34. Ka3 Qc1+ 0-1

[Event "Unterfranken-ch HB 43th"]
[Site "Sailauf"]
[Date "1992.??.??"]
[Round "1"]
[White "Neuburger, Eduard"]
[Black "Koehler, Reiner"]
[Result "0-1"]
[WhiteElo "1545"]
[BlackElo "1747"]
[PlyCount "107"]
[EventDate "1992.04.20"]
[EventType "swiss"]
[EventRounds "9"]
[EventCountry "GER"]
[SourceTitle "EXT 2015"]
[Source "ChessBase"]
[SourceDate "2014.11.20"]
[SourceVersion "1"]
[SourceVersionDate "2014.11.20"]
[SourceQuality "1"]

1. d4 Nf6 2. c4 e6 3. Nc3 Bb4 4. a3 Bxc3+ 5. bxc3 c5 6. Bg5 Qa5 7. Qd3 cxd4 8. Bxf6 gxf6 9. Qxd4 e5 10. Qd2 Na6 11. e3 Nc5 12. Qb2 Rg8 13. Qb4 Qc7 14. Nf3 Rxg2 15. Rd1 Rg8 16. Rd5 b6 17. Rg1 Rxg1 18. Nxg1 Bb7 19. Rd1 0-0-0 20. Bh3 Kb8 21. Qb1 Be4 22. Qb5 a6 23. Qb2 Nd3+ 24. Rxd3 Bxd3 25. Bf1 Bxf1 26. Kxf1 Qxc4+ 27. Ne2 b5 28. Qb1 Qh4 29. Qb4 Qxb4 30. axb4 d5 31. Ng3 d4 32. cxd4 exd4 33. exd4 Rxd4 34. Nf5 Rxb4 35. Ne7 Rb1+ 36. Ke2 Kb7 37. Nd5 Rh1 38. Nxf6 Rxh2 39. Ne4 Kc6 40. Ng5 f6 41. Nf3 Rh3 42. Nd4+ Kc5 43. Ne6+ Kc4 44. f3 a5 45. Nf4 Rh2+ 46. Ke3 a4 47. Nd3 b4 48. Nc1 Rc2 49. Ne2 Rxe2+ 50. Kxe2 b3 51. Kd2 b2 52. Kc2 a3 53. f4 Kd4 54. f5 0-1